000 00817cam a2200265 4500500
005 20260405004101.0
041 _afre
042 _adc
100 1 0 _aOrtoli, Sven
_eauthor
700 1 0 _aPollet-Bourdaloue, Edern
_eauthor
245 0 0 _aThierry Ménissier : les nouvelles figures du Prince
260 _c2022.
500 _a52
690 _aElon Musk
690 _aGafam
690 _aJeff Bezos
690 _aLe Prince
690 _aMachiavel
690 _aMachiavélisme
690 _aMark Zuckerberg
690 _aPolitique
690 _aPouvoir
786 0 _nPhilosophie magazine - Hors séries | Hors-série Hiver-Pritemps 2022 | HS52 | 2022-01-01 | p. 29-31 | 2104-9246
856 4 1 _uhttps://shs.cairn.info/magazine-philosophie-magazine-2022-hs52-page-29?lang=fr&redirect-ssocas=7080
999 _c2073549
_d2073550